[Event "4NCL Online Division 3"]
[Site "online"]
[Date "2021.10.19"]
[EventDate "2021.10.19"]
[Round "5.144"]
[White "Potter, Steven"]
[WhiteElo "1833"]
[WhiteTeam "Manchester Manticores"]
[Black "Smith, Bob"]
[BlackElo "1429"]
[BlackTeam "East Kilbride Strollers"]
[Result "1-0"]
[PlyCount "141"]

1. d4 b6 2. e4 Bb7 3. Bd3 e6 4. Nf3 g6 5. Be3 Bg7 6. Nbd2 d6 7. O-O Nd7 8. c3 Ne7 9. Qc2 h6 10. Rac1 O-O 11. Nb3 f5 12. Ne1 Nf6 13. exf5 exf5 14. Qd2 Kh7 15. c4 Ne4 16. Bxe4 fxe4 17. d5 Nf5 18. Nd4 Nxd4 19. Bxd4 Bxd4 20. Qxd4 Qg5 21. Nc2 Rae8 22. Ne3 Bc8 23. g3 Bh3 24. Ng2 Qf5 25. Rc3 Rf7 26. f4 Bxg2 27. Kxg2 Rfe7 28. Re3 h5 29. b4 a5 30. b5 Rf7 31. Qd1 Kh6 32. h3 Qf6 33. Rf2 g5 34. fxg5+ Qxg5 35. Rxf7 Qxe3 36. Qf1 Rg8 37. Qf2 Qxf2+ 38. Kxf2 Rg7 39. Rf4 Re7 40. Ke3 Kg5 41. Rxe4 Rf7 42. h4+ Kg6 43. Re8 Kg7 44. Rc8 Kh7 45. a4 Kg7 46. Re8 Kh7 47. Ke2 Kg7 48. Re4 Kg6 49. Re6+ Kg7 50. Re4 Kg6 51. Rf4 Re7+ 52. Kf2 Kg7 53. g4 Kg6 54. g5 Kg7 55. Kf3 Re5 56. Re4 Rf5+ 57. Ke3 Rf7 58. Re6 Kf8 59. Ke4 Rf1 60. Rf6+ Rxf6 61. gxf6 Kg8 62. Kf5 Kf7 63. Kg5 Kg8 64. Kxh5 Kf7 65. Kg5 Kg8 66. Kg6 Kf8 67. h5 Kg8 68. h6 Kh8 69. Kf7 Kh7 70. Ke7 Kxh6 71. f7 1-0

[Event "4NCL Online Division 3"]
[Site "online"]
[Date "2021.10.19"]
[EventDate "2021.10.19"]
[Round "5.151"]
[White "Dean, Robert A"]
[WhiteElo "1758"]
[WhiteTeam "Bradford DCA Knights B"]
[Black "Brozel, Sacha"]
[BlackElo "2311"]
[BlackTeam "Barnet Knights A"]
[Result "0-1"]
[PlyCount "108"]

1. Nf3 c5 2. c3 Nf6 3. d4 e6 4. Bg5 Be7 5. Nbd2 d5 6. e3 O-O 7. Bd3 Nc6 8. O-O cxd4 9. exd4 Qd6 10. Re1 h6 11. Bh4 Nh5 12. Bg3 Nxg3 13. hxg3 Bd7 14. Ne5 Nxe5 15. dxe5 Qb6 16. Nb3 Rfd8 17. Bc2 Rac8 18. Qd3 g6 19. Rab1 Kg7 20. Qf3 a5 21. Bd3 a4 22. Nd4 Be8 23. a3 Rd7 24. Ne2 Rdc7 25. Nf4 Rd8 26. Qg4 Kh7 27. Nh5 d4 28. c4 Qb3 29. Red1 b5 30. cxb5 Bxb5 31. Bxb5 Qxb5 32. Nf6+ Bxf6 33. exf6 d3 34. Qf4 Rc2 35. Rd2 Qf5 36. Qxf5 gxf5 37. Rbd1 Rxd2 38. Rxd2 e5 39. f3 e4 40. Kf2 Kg6 41. Ke3 Re8 42. fxe4 fxe4 43. Rf2 Rd8 44. Kd2 Kg5 45. Rf1 Rb8 46. Kc3 Rb3+ 47. Kd4 Rxb2 48. Kxe4 Rxg2 49. Rf3 d2 50. Rd3 Kxf6 51. Rd6+ Kg5 52. Rd5+ Kg4 53. Rd3 h5 54. Ke3 Rxg3+ 0-1

[Event "4NCL Online Division 3"]
[Site "online"]
[Date "2021.10.19"]
[EventDate "2021.10.19"]
[Round "5.152"]
[White "Ethelontis, Alexandros N"]
[WhiteElo "2127"]
[WhiteTeam "Barnet Knights A"]
[Black "Tait, Bill"]
[BlackElo "1649"]
[BlackTeam "Bradford DCA Knights B"]
[Result "1-0"]
[PlyCount "99"]

1. c4 c5 2. g3 Nc6 3. Bg2 g6 4. Nc3 Bg7 5. a3 Nf6 6. Rb1 e6 7. e4 e5 8. Nge2 d6 9. d3 Nd4 10. O-O O-O 11. b4 Nxe2+ 12. Qxe2 b6 13. Bg5 Be6 14. bxc5 dxc5 15. Nd5 Bxd5 16. cxd5 h6 17. Be3 Nd7 18. Qd2 Kh7 19. h4 Qe7 20. h5 g5 21. Bh3 Qd6 22. Bf5+ Kh8 23. Kg2 Nf6 24. Rh1 Ng8 25. Qd1 Qf6 26. Qa4 Ne7 27. Bg4 Qd6 28. Qd7 Rfd8 29. Qxd6 Rxd6 30. a4 Rf8 31. Be2 f5 32. g4 fxe4 33. dxe4 Ng8 34. Rb5 Nf6 35. f3 Nd7 36. a5 a6 37. Rb2 b5 38. Rc1 c4 39. Bd2 Nc5 40. Bb4 Rc8 41. Bxc4 bxc4 42. Rxc4 Rdd8 43. Rxc5 Rb8 44. Bc3 Rdc8 45. Rxb8 Rxb8 46. d6 Kh7 47. Bxe5 Bf8 48. Rc7+ Kg8 49. d7 Be7 50. Rc8+ 1-0

[Event "4NCL Online Division 3"]
[Site "online"]
[Date "2021.10.19"]
[EventDate "2021.10.19"]
[Round "5.153"]
[White "Gallagher, Dominic"]
[WhiteElo "1595"]
[WhiteTeam "Bradford DCA Knights B"]
[Black "Rasalingam, Haran"]
[BlackElo "2039"]
[BlackTeam "Barnet Knights A"]
[Result "0-1"]
[PlyCount "92"]

1. d4 f5 2. Bf4 Nf6 3. e3 d6 4. h4 e6 5. c4 Nc6 6. Nc3 Bd7 7. Nf3 Qe7 8. Qd2 g6 9. O-O-O O-O-O 10. Bg5 h6 11. Bxf6 Qxf6 12. Kb1 Bg7 13. d5 Ne7 14. Qd4 Qxd4 15. Nxd4 e5 16. Nb3 b6 17. f4 Bf6 18. g3 a5 19. Nd2 g5 20. Nf3 gxf4 21. gxf4 Rhg8 22. Be2 Rg2 23. h5 exf4 24. Rh2 Rdg8 25. Rxg2 Rxg2 26. Rg1 Rxg1+ 27. Nxg1 fxe3 28. Kc2 f4 29. Nf3 Bf5+ 30. Bd3 Bg4 31. Be4 Bxh5 32. Ne2 Bg6 33. Bxg6 Nxg6 34. b3 Ne5 35. Ned4 Kd7 36. a4 h5 37. Kd1 Nxf3 38. Nxf3 Ke7 39. Ke2 Kf7 40. Nh2 Kg6 41. Kf3 Kf5 42. Nf1 Bh4 43. Nxe3+ fxe3 44. Kxe3 Bg5+ 45. Kf3 Ke5 46. Kg3 Kd4 0-1

[Event "4NCL Online Division 3"]
[Site "online"]
[Date "2021.10.19"]
[EventDate "2021.10.19"]
[Round "5.161"]
[White "Clancy, Martin J"]
[WhiteElo "1847"]
[WhiteTeam "Wessex Some Stars D"]
[Black "Punnett, Alan K"]
[BlackElo "2084"]
[BlackTeam "Guildford Castles 1"]
[Result "0-1"]
[PlyCount "20"]

1. e4 e6 2. d3 d5 3. Nd2 Nf6 4. Ngf3 b6 5. g3 dxe4 6. dxe4 Bc5 7. Bg2 Ba6 8. a3 Ng4 9. Rf1 Bxf2+ 10. Rxf2 Ne3 0-1

[Event "4NCL Online Division 3"]
[Site "online"]
[Date "2021.10.19"]
[EventDate "2021.10.19"]
[Round "5.162"]
[White "Young, Craig A"]
[WhiteElo "2081"]
[WhiteTeam "Guildford Castles 1"]
[Black "Chilton, James I"]
[BlackElo "1816"]
[BlackTeam "Wessex Some Stars D"]
[Result "1-0"]
[PlyCount "59"]

1. d4 Nf6 2. Nf3 d5 3. c4 e6 4. Nc3 Be7 5. Bf4 O-O 6. e3 c5 7. Be2 dxc4 8. Bxc4 a6 9. a4 Nc6 10. O-O cxd4 11. exd4 Nd5 12. Bg3 Bf6 13. Ne4 Be7 14. h4 f5 15. Neg5 f4 16. Qb1 Bxg5 17. Nxg5 Rf5 18. Bh2 Nxd4 19. Re1 h6 20. Nxe6 Bxe6 21. Rxe6 Qc8 22. Bxd5 Rxd5 23. Re4 f3 24. Qa2 Qc5 25. b4 Ne2+ 26. Rxe2 fxe2 27. bxc5 Rd8 28. Qxe2 Rd2 29. Qe1 Kh7 30. Bd6 1-0

[Event "4NCL Online Division 3"]
[Site "online"]
[Date "2021.10.19"]
[EventDate "2021.10.19"]
[Round "5.163"]
[White "Ursell, Adam R"]
[WhiteElo "1807"]
[WhiteTeam "Wessex Some Stars D"]
[Black "Toon, James MG"]
[BlackElo "2008"]
[BlackTeam "Guildford Castles 1"]
[Result "1-0"]
[PlyCount "57"]

1. c4 e5 2. Nc3 Nf6 3. g3 c6 4. Bg2 d5 5. cxd5 cxd5 6. d3 d4 7. Ne4 Nc6 8. Nxf6+ Qxf6 9. Nf3 h6 10. O-O Bd6 11. Nd2 Qe7 12. Ne4 Bc7 13. Bd2 O-O 14. Rc1 Bb6 15. f4 Be6 16. a3 Rad8 17. f5 Bd5 18. f6 Qe6 19. fxg7 Kxg7 20. Rf6 Qg4 21. Bxh6+ Kg8 22. Bf3 Qd7 23. Qd2 Bxe4 24. dxe4 d3+ 25. Kh1 Ne7 26. Bxf8 Kxf8 27. Bh5 Ng6 28. Bxg6 Kg7 29. Rxf7+ 1-0

[Event "4NCL Online Division 3"]
[Site "online"]
[Date "2021.10.19"]
[EventDate "2021.10.19"]
[Round "5.164"]
[White "Shepley, Julien M"]
[WhiteElo "1912"]
[WhiteTeam "Guildford Castles 1"]
[Black "Ursell, Richard W"]
[BlackElo "1787"]
[BlackTeam "Wessex Some Stars D"]
[Result "1-0"]
[PlyCount "49"]

1. e4 e5 2. Nc3 Nc6 3. Bc4 Nf6 4. d3 h6 5. f4 d6 6. Nf3 Bg4 7. O-O Nd4 8. fxe5 Bxf3 9. gxf3 dxe5 10. f4 Bc5 11. Kh1 exf4 12. Bxf4 O-O 13. e5 Ne8 14. Ne4 Bb6 15. Bxh6 gxh6 16. Qg4+ Kh8 17. Qh5 Kh7 18. Nf6+ Nxf6 19. Rxf6 Qxf6 20. exf6 Nxc2 21. Bxf7 Rg8 22. Bxg8+ Rxg8 23. Qf5+ Kh8 24. f7 Ne3 25. Qf6+ 1-0

[Event "4NCL Online Division 3"]
[Site "online"]
[Date "2021.11.02"]
[EventDate "2021.11.02"]
[Round "6.11"]
[White "Jayawarna, Thisumi"]
[WhiteElo "1601"]
[WhiteTeam "Manchester Juniors B"]
[Black "Zhang, Zheming"]
[BlackElo "1994"]
[BlackTeam "Forest Hall Juniors"]
[Result "0-1"]
[PlyCount "98"]

1. e4 e6 2. d4 d5 3. e5 c5 4. c3 Bd7 5. Nf3 Qb6 6. a3 Bb5 7. Bxb5+ Qxb5 8. b4 cxb4 9. cxb4 Ne7 10. Nc3 Qd7 11. O-O a6 12. Na4 Nc8 13. Bd2 Nc6 14. Be3 Be7 15. Nd2 Qd8 16. Nb3 O-O 17. Qg4 Kh8 18. f4 f5 19. Qh5 Nb6 20. Nac5 Bxc5 21. Nxc5 Qc8 22. Rf3 g6 23. Qh6 Rf7 24. Rh3 Kg8 25. Bf2 Nc4 26. Bh4 b6 27. Nb3 Qf8 28. Qg5 a5 29. b5 Nd8 30. Qg3 a4 31. Nc1 Nd2 32. Bg5 Ne4 33. Qh4 Nb7 34. Ne2 Na5 35. Ng3 Nb3 36. Ra2 Nxd4 37. Nxe4 fxe4 38. Bf6 Nf5 39. Qg5 Qc5+ 40. Rf2 e3 41. g4 exf2+ 42. Kf1 Ne3+ 43. Kxf2 Nxg4+ 44. Kf3 Nxf6 45. exf6 Qc3+ 46. Kg4 Qxf6 47. Qxf6 Rxf6 48. Rc3 Raf8 49. Rf3 e5 0-1

[Event "4NCL Online Division 3"]
[Site "online"]
[Date "2021.11.02"]
[EventDate "2021.11.02"]
[Round "6.12"]
[White "Johnston, Alexander"]
[WhiteElo "1654"]
[WhiteTeam "Forest Hall Juniors"]
[Black "Eccleston, Bryony"]
[BlackElo "1526"]
[BlackTeam "Manchester Juniors B"]
[Result "1-0"]
[PlyCount "57"]

1. e4 e5 2. Nc3 Nf6 3. f4 exf4 4. e5 Ng8 5. Nf3 Nc6 6. d4 Bb4 7. Bxf4 Nge7 8. a3 Nd5 9. axb4 Nxf4 10. Qd2 Ng6 11. b5 Nce7 12. Bc4 d6 13. exd6 Qxd6 14. O-O O-O 15. Ne4 Qd8 16. Nfg5 Nh8 17. Qf2 Nf5 18. c3 h6 19. Nf3 Re8 20. Ne5 Be6 21. Bd3 Qe7 22. Nc5 Nd6 23. Qc2 Rad8 24. Rf4 b6 25. Nc6 Qg5 26. Nxe6 Rxe6 27. Nxd8 Qxf4 28. Nxe6 fxe6 29. Bh7+ 1-0

[Event "4NCL Online Division 3"]
[Site "online"]
[Date "2021.11.02"]
[EventDate "2021.11.02"]
[Round "6.13"]
[White "Correa, Rebecca"]
[WhiteElo "1502"]
[WhiteTeam "Manchester Juniors B"]
[Black "Hutchins, Andrew"]
[BlackElo "1480"]
[BlackTeam "Forest Hall Juniors"]
[Result "0-1"]
[PlyCount "102"]

1. d4 Nf6 2. Nf3 e6 3. Bf4 c5 4. c3 d5 5. h3 Nc6 6. e3 Qb6 7. Qb3 Be7 8. Be2 O-O 9. O-O Bd7 10. Nbd2 Rfc8 11. Rac1 c4 12. Qc2 Qd8 13. e4 b5 14. exd5 exd5 15. Ne5 Be8 16. Nxc6 Bxc6 17. Nf3 Bd6 18. Bxd6 Qxd6 19. Ne5 Bb7 20. Qf5 Re8 21. Rfe1 Bc8 22. Qg5 Ne4 23. Qf4 f6 24. Qh4 fxe5 25. dxe5 Rxe5 26. Rcd1 Qf6 27. Qxf6 Nxf6 28. Bf3 Rxe1+ 29. Rxe1 Rb8 30. Re5 Bb7 31. Kf1 d4 32. Rxb5 d3 33. Ke1 Re8+ 34. Kd2 Bxf3 35. gxf3 Re2+ 36. Kd1 Rxf2 37. Rc5 Rxb2 38. Rxc4 Rxa2 39. Rd4 Rh2 40. Rxd3 Rxh3 41. Ke2 Kf7 42. Rd4 Rh2+ 43. Ke3 Rc2 44. Rc4 Rxc3+ 45. Rxc3 Nd5+ 46. Kd3 Nxc3 47. Kxc3 a5 48. Kb3 Kf6 49. Ka4 Kf5 50. Kxa5 h5 51. Kb4 h4 0-1

[Event "4NCL Online Division 3"]
[Site "online"]
[Date "2021.11.02"]
[EventDate "2021.11.02"]
[Round "6.14"]
[White "Mohindra, Arun"]
[WhiteElo "1112"]
[WhiteTeam "Forest Hall Juniors"]
[Black "Ye, Tim"]
[BlackElo "1369"]
[BlackTeam "Manchester Juniors B"]
[Result "1-0"]
[PlyCount "45"]

1. e4 e5 2. Nf3 Nc6 3. Bc4 Nf6 4. d4 exd4 5. O-O Bc5 6. e5 Ng8 7. Ng5 d5 8. exd6 Be6 9. Nxe6 fxe6 10. Qh5+ g6 11. Qxc5 cxd6 12. Qg5 Qxg5 13. Bxg5 Nge7 14. Bxe6 Rf8 15. Re1 Kd8 16. Na3 Kc7 17. Nb5+ Kb6 18. Nxd6 Rad8 19. Nc4+ Kc7 20. Bh4 Rde8 21. Bg3+ Kd8 22. Nd6 Nb4 23. Nxb7# 1-0

[Event "4NCL Online Division 3"]
[Site "online"]
[Date "2021.11.02"]
[EventDate "2021.11.02"]
[Round "6.21"]
[White "Alvares, Owen"]
[WhiteElo "1792"]
[WhiteTeam "Catford Cosmonauts 3"]
[Black "Wall, Tim P"]
[BlackTitle "FM"]
[BlackElo "2251"]
[BlackTeam "Chessable White Rose 3"]
[Result "0-1"]
[PlyCount "90"]

1. e4 d6 2. Nf3 Nf6 3. d3 g6 4. Bd2 c5 5. Nc3 Nc6 6. Qc1 Bg7 7. a3 Nd4 8. Be2 O-O 9. Be3 Nxe2 10. Nxe2 c4 11. O-O Bg4 12. Ng3 cxd3 13. cxd3 Bxf3 14. gxf3 Qd7 15. Qd2 h5 16. Bh6 e6 17. Bxg7 Kxg7 18. Qg5 Rh8 19. h4 Rac8 20. Rfc1 Rc5 21. Rxc5 dxc5 22. Qxc5 Qxd3 23. Kg2 b6 24. Qe5 Rd8 25. Rg1 Qd4 26. Qb5 e5 27. Rc1 Qd6 28. Rc6 Qe7 29. Rc3 Rd1 30. Rd3 Rxd3 31. Qxd3 Nd7 32. b4 Nf8 33. Qd5 Qc7 34. Ne2 Ne6 35. Kg3 Kh7 36. Qd3 Qe7 37. Qe3 Qd6 38. Nc3 Nf4 39. Ne2 Nd3 40. Qd2 Qd7 41. Nc1 Nc5 42. Qc3 Ne6 43. Qxe5 Qd1 44. Qc3 Qg1+ 45. Kh3 Nf4# 0-1

[Event "4NCL Online Division 3"]
[Site "online"]
[Date "2021.11.02"]
[EventDate "2021.11.02"]
[Round "6.22"]
[White "Mooney, David Paul"]
[WhiteElo "2214"]
[WhiteTeam "Chessable White Rose 3"]
[Black "Craig, Andrew D"]
[BlackElo "1797"]
[BlackTeam "Catford Cosmonauts 3"]
[Result "1-0"]
[PlyCount "83"]

1. e4 e5 2. Nf3 Nf6 3. d4 exd4 4. e5 Ne4 5. Qxd4 d5 6. exd6 Nxd6 7. Bd3 Nc6 8. Qf4 g6 9. O-O Bg7 10. Bd2 Qf6 11. Qxf6 Bxf6 12. Nc3 Be6 13. Ng5 Kd7 14. Nxe6 Kxe6 15. Rad1 Rae8 16. Nb5 Nxb5 17. Rfe1+ Kd7 18. Bxb5 Rxe1+ 19. Bxe1+ Kc8 20. c3 Rd8 21. Rxd8+ Kxd8 22. Kf1 Kd7 23. Ke2 Kd6 24. f4 Bg7 25. Bc4 Nd8 26. g4 Ne6 27. Bg3 f5 28. gxf5 gxf5 29. Bd3 Bh6 30. Kf3 Ng7 31. Bf2 c5 32. b4 b6 33. bxc5+ bxc5 34. Bc4 Ne8 35. Bd3 Ng7 36. Bh4 Ne6 37. Bxf5 Nxf4 38. Bg3 Ke5 39. Bxh7 Bg5 40. h4 Bh6 41. Bd3 a5 42. a4 1-0

[Event "4NCL Online Division 3"]
[Site "online"]
[Date "2021.11.02"]
[EventDate "2021.11.02"]
[Round "6.23"]
[White "Oyvat, Cem"]
[WhiteElo "1727"]
[WhiteTeam "Catford Cosmonauts 3"]
[Black "Wills, Tom"]
[BlackElo "2018"]
[BlackTeam "Chessable White Rose 3"]
[Result "1/2-1/2"]
[PlyCount "67"]

1. d4 d5 2. Bf4 c5 3. e3 Nc6 4. c3 Bf5 5. Nd2 Qb6 6. Qb3 c4 7. Qxb6 axb6 8. e4 Bxe4 9. Nxe4 dxe4 10. Bxc4 e6 11. Bc7 Rc8 12. Bxb6 Nxd4 13. Bxd4 Rxc4 14. Ne2 Nf6 15. Ng3 Bd6 16. Bxf6 gxf6 17. O-O-O Ke7 18. Kc2 Rhc8 19. Ne2 Be5 20. Rd2 f5 21. Rhd1 R4c7 22. Nd4 Bf4 23. Re2 Rc5 24. g3 Bg5 25. f3 exf3 26. Nxf3 Bf6 27. Rd3 h5 28. Red2 R5c7 29. Nd4 Rc5 30. Nf3 R5c7 31. Nd4 Rc5 32. Re2 Kf8 33. Nf3 Ke7 34. Red2 1/2-1/2

[Event "4NCL Online Division 3"]
[Site "online"]
[Date "2021.11.02"]
[EventDate "2021.11.02"]
[Round "6.24"]
[White "Mason, Peter F"]
[WhiteElo "1813"]
[WhiteTeam "Chessable White Rose 3"]
[Black "Foreman, Anthony"]
[BlackElo "1492"]
[BlackTeam "Catford Cosmonauts 3"]
[Result "1/2-1/2"]
[PlyCount "56"]

1. Nf3 b6 2. g3 Bb7 3. Bg2 e5 4. d3 Be7 5. O-O d6 6. c4 Nd7 7. e4 Ngf6 8. Nc3 O-O 9. Ng5 h6 10. Nh3 Nc5 11. f4 Nfd7 12. f5 Nf6 13. b4 Ncd7 14. Kh1 a5 15. b5 Nc5 16. Nd5 Bxd5 17. exd5 Qd7 18. Qe2 Rae8 19. Be4 Qd8 20. Bd2 Kh7 21. Nf2 Ncxe4 22. Nxe4 Nxe4 23. Qxe4 Bf6 24. Rae1 Kh8 25. Qg4 Kh7 26. Qe4 Kh8 27. Qg4 Kh7 28. Qe4 Kh8 1/2-1/2

[Event "4NCL Online Division 3"]
[Site "online"]
[Date "2021.11.02"]
[EventDate "2021.11.02"]
[Round "6.31"]
[White "O'Byrne, Daniel"]
[WhiteElo "1922"]
[WhiteTeam "War & Piece Overlord"]
[Black "Amir, Zain"]
[BlackElo "1445"]
[BlackTeam "Warwickshire Bears B"]
[Result "1-0"]
[PlyCount "41"]

1. d4 d5 2. Bf4 Nc6 3. e3 Nf6 4. Nf3 Bg4 5. h3 Bh5 6. Nbd2 e6 7. c3 Bd6 8. Qb3 Rb8 9. Bd3 a6 10. Qc2 O-O 11. Bg5 Be7 12. Bxf6 Bxf6 13. Bxh7+ Kh8 14. g4 Bg6 15. Bxg6 fxg6 16. Qxg6 e5 17. g5 Be7 18. Qh5+ Kg8 19. g6 Rxf3 20. Qh7+ Kf8 21. Qh8# 1-0

[Event "4NCL Online Division 3"]
[Site "online"]
[Date "2021.11.02"]
[EventDate "2021.11.02"]
[Round "6.33"]
[White "Kelly, Richard"]
[WhiteElo "1790"]
[WhiteTeam "War & Piece Overlord"]
[Black "Johal, Amrissa Kaur"]
[BlackElo "1384"]
[BlackTeam "Warwickshire Bears B"]
[Result "0-1"]
[PlyCount "92"]

1. d4 d5 2. c4 e6 3. Nc3 Nf6 4. Bg5 Be7 5. e3 Nc6 6. Nf3 h6 7. Bh4 O-O 8. Rc1 Re8 9. a3 Ne4 10. Bxe7 Qxe7 11. cxd5 exd5 12. Nxd5 Qd6 13. Nc3 Nxc3 14. Rxc3 Bg4 15. Be2 Bxf3 16. gxf3 Qg6 17. Kf1 Rad8 18. Rg1 Qh5 19. Rg2 Qh3 20. f4 Qd7 21. Bf3 Ne7 22. Qc2 c6 23. Kg1 Nd5 24. Bxd5 Qxd5 25. Rc5 Qd6 26. h4 Qf6 27. h5 Qh4 28. Qf5 Qe7 29. Qg4 f6 30. Qg6 Rd5 31. Rxd5 cxd5 32. Qxh6 Rc8 33. Qg6 f5 34. Qxf5 Rc1+ 35. Kh2 Qh4+ 36. Qh3 Rh1+ 37. Kxh1 Qxh3+ 38. Kg1 Qxh5 39. Rg5 Qd1+ 40. Kg2 Qd2 41. Rxd5 Qxb2 42. a4 Qc2 43. Rd8+ Kh7 44. d5 Qc7 45. Re8 Qd7 46. Re6 Qxd5+ 0-1

[Event "4NCL Online Division 3"]
[Site "online"]
[Date "2021.11.02"]
[EventDate "2021.11.02"]
[Round "6.34"]
[White "Vaidyanathan, Sathya"]
[WhiteElo "1328"]
[WhiteTeam "Warwickshire Bears B"]
[Black "Glover, John"]
[BlackElo "1678"]
[BlackTeam "War & Piece Overlord"]
[Result "1/2-1/2"]
[PlyCount "125"]

1. e4 d5 2. exd5 Qxd5 3. Nc3 Qd6 4. Nf3 Nf6 5. Bc4 a6 6. h3 e6 7. a3 Be7 8. O-O c5 9. d3 Nc6 10. Bd2 b5 11. Ba2 Bb7 12. Ne2 O-O 13. Ng3 Rac8 14. Bg5 Nd4 15. Nxd4 Qxd4 16. Rb1 Qd6 17. Bxf6 Bxf6 18. Ne4 Qe7 19. Nxf6+ Qxf6 20. f3 Rfd8 21. Qe2 Rd7 22. Rfe1 Rcd8 23. b3 Qd4+ 24. Kh1 Qf4 25. Qe3 Rd4 26. Qxf4 Rxf4 27. Rbd1 g6 28. Kg1 Kg7 29. Kf2 h5 30. Kg3 g5 31. Re5 h4+ 32. Kf2 Rf5 33. Rxf5 exf5 34. Re1 Kf6 35. Rd1 Ke5 36. Re1+ Kd6 37. b4 Rd7 38. bxc5+ Kxc5 39. Re5+ Kd6 40. Rxf5 Rc7 41. Bb3 Bc8 42. Rxf7 Rxf7 43. Bxf7 a5 44. Ba2 b4 45. axb4 axb4 46. Bb3 Ke5 47. Ke3 Bb7 48. d4+ Kd6 49. Kd3 Ba6+ 50. Bc4 Bb7 51. c3 bxc3 52. Kxc3 Bc6 53. d5 Bxd5 54. Bxd5 Kxd5 55. Kd2 Kd4 56. Ke2 Ke5 57. Ke1 Kf5 58. Ke2 Ke5 59. Kf1 Kf5 60. Kg1 Ke5 61. Kf1 Kf5 62. Kg1 Ke5 63. Kf1 1/2-1/2

[Event "4NCL Online Division 3"]
[Site "online"]
[Date "2021.11.02"]
[EventDate "2021.11.02"]
[Round "6.41"]
[White "Maydew, Simon"]
[WhiteElo "1824"]
[WhiteTeam "Shropshire and Friends 3"]
[Black "Gajdosz, Marek"]
[BlackElo "1931"]
[BlackTeam "Darnall & Handsworth"]
[Result "1-0"]
[PlyCount "41"]

1. d4 d5 2. Nf3 c6 3. e3 Nf6 4. c4 e6 5. Nbd2 Nbd7 6. Bd3 Be7 7. O-O O-O 8. e4 dxe4 9. Nxe4 Nxe4 10. Bxe4 Nf6 11. Bc2 Qa5 12. Qd3 Qh5 13. Bf4 b6 14. Rfe1 Qg4 15. Bg5 g6 16. Re5 Bd6 17. h3 Qh5 18. Bxf6 Bxe5 19. Nxe5 Bb7 20. Qe3 g5 21. g4 1-0

[Event "4NCL Online Division 3"]
[Site "online"]
[Date "2021.11.02"]
[EventDate "2021.11.02"]
[Round "6.42"]
[White "Brown, Geoffrey D"]
[WhiteElo "1746"]
[WhiteTeam "Darnall & Handsworth"]
[Black "Lovatt, Peter G"]
[BlackElo "1787"]
[BlackTeam "Shropshire and Friends 3"]
[Result "1-0"]
[PlyCount "51"]

1. e4 c5 2. Nc3 e6 3. f4 Nc6 4. Nf3 d5 5. Bb5 d4 6. Bxc6+ bxc6 7. Ne2 Nf6 8. d3 Be7 9. O-O O-O 10. Ng3 Qb6 11. Ne5 Qc7 12. b3 Nd7 13. Nxd7 Bxd7 14. Bd2 Rad8 15. Rf3 Be8 16. f5 Bd6 17. f6 Be5 18. fxg7 Bxg7 19. Nh5 f6 20. Nxg7 Kxg7 21. Rg3+ Bg6 22. Qg4 Qe7 23. Rf1 Kh8 24. Qh4 Rd7 25. Rxg6 f5 26. Bg5 1-0

[Event "4NCL Online Division 3"]
[Site "online"]
[Date "2021.11.02"]
[EventDate "2021.11.02"]
[Round "6.43"]
[White "Clark, Matthew D H"]
[WhiteElo "1787"]
[WhiteTeam "Shropshire and Friends 3"]
[Black "Brennan, Oliver"]
[BlackElo "1685"]
[BlackTeam "Darnall & Handsworth"]
[Result "1-0"]
[PlyCount "45"]

1. e4 c5 2. d4 cxd4 3. c3 dxc3 4. Nxc3 Nc6 5. Nf3 e6 6. Bc4 a6 7. Qe2 b5 8. Bb3 Bb7 9. O-O Nge7 10. Rd1 Ng6 11. Be3 Be7 12. Nd5 exd5 13. exd5 Nce5 14. Nxe5 Nxe5 15. d6 Bf6 16. Bf4 O-O 17. Bxe5 Bxe5 18. Qxe5 Re8 19. Qf5 Rf8 20. Re1 g6 21. Qf4 Qb6 22. Re7 Qc6 23. Bxf7+ 1-0

[Event "4NCL Online Division 3"]
[Site "online"]
[Date "2021.11.02"]
[EventDate "2021.11.02"]
[Round "6.44"]
[White "Feather, Harry"]
[WhiteElo "1610"]
[WhiteTeam "Darnall & Handsworth"]
[Black "Podlesak, Mark"]
[BlackElo "1781"]
[BlackTeam "Shropshire and Friends 3"]
[Result "1/2-1/2"]
[PlyCount "57"]

1. f4 d5 2. Nf3 Bf5 3. e3 e6 4. b3 Nf6 5. Nc3 c5 6. Bb5+ Nbd7 7. O-O a6 8. Be2 h6 9. d3 b5 10. Bb2 Nb6 11. Ne5 Rc8 12. Bf3 Bd6 13. e4 Bh7 14. exd5 exd5 15. Ng4 O-O 16. Nxf6+ Qxf6 17. Bg4 Rb8 18. Qf3 Rfe8 19. Na4 d4 20. Nxb6 Rxb6 21. Rae1 Rxe1 22. Rxe1 Bf5 23. Re8+ Kh7 24. g3 Bxg4 25. Qxg4 Be7 26. f5 Qe5 27. Qe4 Qxe4 28. dxe4 Bd6 29. Rc8 1/2-1/2

[Event "4NCL Online Division 3"]
[Site "online"]
[Date "2021.11.02"]
[EventDate "2021.11.02"]
[Round "6.51"]
[White "Smith, Peter J"]
[WhiteElo "1598"]
[WhiteTeam "Bishop Trojans"]
[Black "Lim, Mark"]
[BlackElo "1904"]
[BlackTeam "Broadland Falco Duboisi"]
[Result "0-1"]
[PlyCount "82"]

1. h3 d5 2. a3 e5 3. d3 Bd6 4. c3 Ne7 5. Qc2 Be6 6. Nd2 c6 7. Ngf3 O-O 8. g4 Nd7 9. Bg2 b5 10. Nf1 a5 11. Ng3 Ng6 12. Nf5 Bc7 13. h4 Nf6 14. Bh3 e4 15. N3d4 Bd7 16. e3 Ne5 17. dxe4 c5 18. f4 cxd4 19. fxe5 Nxe4 20. exd4 Bxf5 21. Bg5 Nxg5 22. gxf5 Nf3+ 23. Ke2 Nxe5 24. dxe5 Bxe5 25. Bg4 Bf4 26. Kf3 Bh6 27. Qd3 Re8 28. Kg2 Re4 29. Bf3 Rxh4 30. Rxh4 Qxh4 31. Rd1 Rd8 32. Qxb5 Be3 33. Qe2 Qg5+ 34. Kh1 Rd6 35. Bg4 Rh6+ 36. Kg2 Rh4 37. Rxd5 Rxg4+ 38. Qxg4 Qxg4+ 39. Kh2 Bf4+ 40. Kh1 Qf3+ 41. Kg1 Qxd5 0-1

[Event "4NCL Online Division 3"]
[Site "online"]
[Date "2021.11.02"]
[EventDate "2021.11.02"]
[Round "6.52"]
[White "Saravanan, Karthik"]
[WhiteElo "1817"]
[WhiteTeam "Broadland Falco Duboisi"]
[Black "Bainbridge, Bryan J"]
[BlackElo "1523"]
[BlackTeam "Bishop Trojans"]
[Result "1/2-1/2"]
[PlyCount "72"]

1. e4 e6 2. d4 a6 3. Nf3 b5 4. Bd3 h6 5. O-O Nf6 6. a3 c5 7. c4 bxc4 8. Bxc4 Nxe4 9. Re1 Nf6 10. d5 Be7 11. d6 Bf8 12. Nc3 Qb6 13. Bf4 Bb7 14. Qd3 Qc6 15. b4 cxb4 16. axb4 a5 17. Nb5 Na6 18. Rxa5 g5 19. Be5 Bg7 20. Qd4 O-O 21. Bxf6 Bxf6 22. Qxf6 Qxc4 23. Qxh6 f6 24. Nbd4 Bd5 25. h4 g4 26. Qg6+ Kh8 27. Qh5+ Kg8 28. Qxg4+ Kh8 29. Qh5+ Kg7 30. Ne5 fxe5 31. Rxe5 Qc1+ 32. Kh2 Qf4+ 33. Kh3 Bxg2+ 34. Kxg2 Qxf2+ 35. Kh3 Qf1+ 36. Kg3 Qf4+ 1/2-1/2

[Event "4NCL Online Division 3"]
[Site "online"]
[Date "2021.11.02"]
[EventDate "2021.11.02"]
[Round "6.53"]
[White "Berry, Robert"]
[WhiteElo "1479"]
[WhiteTeam "Bishop Trojans"]
[Black "Badger, Paul"]
[BlackElo "1787"]
[BlackTeam "Broadland Falco Duboisi"]
[Result "0-1"]
[PlyCount "86"]

1. e4 c5 2. Bc4 e6 3. a3 Nc6 4. Nf3 d6 5. Nc3 Nf6 6. d3 Be7 7. O-O O-O 8. h3 a6 9. Nh2 b5 10. Ba2 d5 11. f3 dxe4 12. fxe4 Nd4 13. Ne2 Nh5 14. Nf4 Nxf4 15. Bxf4 Bd6 16. e5 Be7 17. c3 Nf5 18. Qf3 Rb8 19. Rad1 Bb7 20. Qe2 Qb6 21. Nf3 Rbd8 22. Kh2 a5 23. Ng5 h6 24. Ne4 Bxe4 25. Qxe4 b4 26. axb4 axb4 27. Bc4 bxc3 28. bxc3 Qa5 29. Bd2 Qa8 30. Qe2 Nh4 31. Qg4 Ng6 32. Qg3 Qb8 33. Bf4 Nxf4 34. Qxf4 Bg5 35. Qe4 Qa8 36. Qg4 Qb8 37. Qe4 Qa8 38. Qg4 Qa3 39. h4 Be7 40. Bxe6 Qxc3 41. Bc4 Qxe5+ 42. Kh3 Rd4 43. Qf3 Rxh4# 0-1